01355 2200241 4500001002100000005001500021035002000036100001300056090001800069245012000087020002200207264001400229650002300243008004100266082001000307084001900317250002900336260003400365300004600399700001900445520063300464990001601097INLIS00000000004234620210719030336 a0010-06190423460 aAyah Edi 010-06190423461 aMendidik anak tanpa teriakan dan bentakan /cAyah Edi, Sherly Puspita; Penyunting, Novikasari Eka S., Shera Diva S. a978-623-242-183-7 oura Books 4aOrang tua dan anak210719 0 ind  a649.1 aSR 649.1 EDY m aCetakan 2, Desember 2020 aJakarta :bNoura Books,c2020 a193 halaman :bilustrasi ;c21 cm x 14 cm0 aSherly Puspita aBarangkali tidak ada orangtua yang tidak pernah sekali pun berteriak atau membentak anak. Dan celakanya, untuk sebagian orangtua, teriakan dan bentakan malah menjadi kebiasaan. Padahal sejumlah penelitian menunjukkan, teriakan dan bentakan justru memperburuk perilaku anak. Dalam buku ini, Ayah Edy tidak sekadar membantu Ayah-Bunda mencari jalan keluar dari kebiasaan berteriak dan membentak tetapi, yang lebih penting lagi, mencari “jalan ke dalam”. Kita akan mempelajari cara-cara mengatasi konflik antara orangtua dan anak secara benar, disusun berdasarkan pengalaman Ayah Edy mendidik anak-anak di rumah dan di sekolah. a47863.60683